Beyoncé - Chansons de l'album B'Day - Statistiques

Statistiques générales
  • Ce quiz a été pris 16 fois
  • Le résultat moyen est 6 sur 11
Statistiques - réponses
Hint Réponse % Correct
B'Day 1 Déjà Vu (feat. Jay-Z)
91%
B'Day2 7 Freakum Dress
73%
B'Day 2 Get Me Bodied
64%
B'Day 6 Kitty Kat
64%
B'Day 5 Ring the Alarm
64%
B'Day2 8 Green Light
55%
B'Day 4 Upgrade U (feat. Jay-Z)
55%
B'Day2 11 Check on It (feat. Bun B & Slim Thug)
45%
B'Day 3 Suga Mama
45%
B'Day2 9 Irreplaceable
36%
B'Day2 10 Resentment
36%
Aucun quiz correspondant
Distribution des résultats
% des personnes avec chaque résultat
Percentile par nombre de réponses
Votre historique - résultats
Vous n’avez pas pris ce quiz